banner-ar

SURGICAL REJUVENATION / (Record no. 10703)

MARC details
000 -الفاتح
حقل البيانات ثابتة الطول 00445nam a2200181Ia 4500
008 - عناصر البيانات ثابتة الطول - معلومات عامة
حقل البيانات ثابتة الطول 140319s9999 xx 000 0 eng d
040 ## - مصدر الفهرسة
وكالة الفهرسة الأصلية GCL /
وكالة النسخ GCL
082 04 - رقم تصنيف ديوى العشرى
رقم التصنيف 617.5
رقم المادة B S
100 1# - المدخل الرئيسى - إسم شخصى
الإسم الشخصى BAKER, THOMAS
245 10 - بيان العنوان
العنوان SURGICAL REJUVENATION /
بيان المسئوليه,etc BAKER, THOMAS
700 1# - المدخل الاضافى - اسم شخصى
الإسم الشخصى GORDON, HOWARD
260 ## - PUBLICATION, DISTRIBUTION, ETC. (IMPRINT)
تاريخ النشر أو التوزيع 1993
300 ## - الوصف المادى
التعداد 624
650 04 - المدخل الاضافى بالموضوع-مصطلح موضوعى
مصطلح موضوعي FACE - SURGERY
650 04 - المدخل الاضافى بالموضوع-مصطلح موضوعى
مصطلح موضوعي SURGERY PLASTIC
942 ## - عناصر المدخل الإضافي( كوها)
مصدر التصنيف او مخطط الترفيف Dewey Decimal Classification
Koha [default] item type كتاب
260 ## - PUBLICATION, DISTRIBUTION, ETC. (IMPRINT)
-- [S.N] :
-- MOSBY ،
Holdings
حالة التراجع حالة الفقد حالة تلف ليس للاعارة المكان المؤقت الموقع الحالى تاريخ الاكتساب اجمالي اﻻعارات رقم الطلب الباركود تاريخ اخر مشاهدة تاريخ تفعيل السعر نوع وعاء كوها
        مكتبة القاهرة الكبرى مكتبة القاهرة الكبرى 03/26/2014   617.5\B S 21534 03/26/2014 03/26/2014 كتاب

Powered By

EGPV